Les films avec "ou" dans le titre - Statistiques

Statistiques générales
  • Ce quiz a été pris 153 fois
  • Le résultat moyen est 14 sur 50
Statistiques - réponses
Année Film Complément % Correct
1980 Pile ou Face
88%
1976 L'Aile ou la Cuisse
84%
2000 Tôt ou tard
83%
1946 Une question de vie ou de mort
81%
2006 Réussir ou mourir
72%
2023 Vaincre ou Mourir
72%
1960 ... ou crève Marche
71%
2014 Maintenant ou Jamais
69%
2007 ... ou presque La Vérité
68%
2018 Action ou Vérité
68%
1953 ... ou Double Quitte
67%
2015 Papa ou Maman
66%
2015 Nous trois ou Rien
57%
1995 Mort ou Vif
53%
2014 Tu veux ou tu veux pas
48%
1979 Flic ou Voyou
45%
2005 Sa mère ou moi !
36%
2008 Marié(s) ou presque
32%
2014 Célibataires ou presque
32%
1992 ... la revanche du capitaine Crochet Hook
31%
2014 Amour sur place ou à emporter
30%
2014 En parler ou pas
28%
2018 ... ou Périr Sauver
21%
1984 Retenez-moi ou je fais un malheur
16%
1958 La Blonde ou la Rousse
12%
1998 ... ou Coïncidences Hasards
10%
2015 ... ou le festin de pierre Don Juan
9%
1945 ... ou Démon Femme
6%
1947 Femme ou Maîtresse
3%
1991 ... ou moi ! Ta mère
3%
2013 ... ou presque 16 ans
2%
2021 ... ou la naissance de la gastronomie moderne Auguste Escoffier
2%
2014 Arrête ou je continue
2%
2013 ... ou le Cercueil La Valise
2%
1993 Justinien Trouvé ou le bâtard de Dieu
2%
2012 Adieu Berthe ou l'enterrement de mémé
2%
2002 Les femmes ou les enfants d'abord
2%
1985 Une femme ou deux
1%
2016 ... ou l'intolérable vérité Dreyfus
1%
1951 Juliette ou la clef des songes
1%
1985 ... ou presque L'amour
1%
2021 Taris ou la natation
1%
2003 Saint-Germain ou la négociation
1%
1995 Marie-Louise ou la permission
1%
1961 Adhémar ou le jouet de la fatalité
1%
1988 Corentin ou les infortunes conjugales
1%
1961 ... ou les plaisirs de la ville Le Tracassin
1%
1984 ... ou quoi ? T'es folle
1%
2006 Vendredi ou un autre jour
1%
2014 Lilting ou la délicatesse
0%
Aucun quiz correspondant
Distribution des résultats
% des personnes avec chaque résultat
Percentile par nombre de réponses
Votre historique - résultats
Vous n’avez pas pris ce quiz